MDQL
is popping MORE tags! Check the
thread
!
Quizzes
Events
Quiz Creation
Community
Videos
Private Events
Remove Ads
Sign In
Join for FREE
Feedback
Dark Mode
Quiz Categories
Sports
Geography
Music
Movies
Television
Just For Fun
Miscellaneous
History
Literature
Language
Science
Gaming
Entertainment
Religion
Holiday
For Kids
Quiz Lab
Recent
Popular Today
Quiz Kudos Today
Editor Picks
Curator Picks
Quizzes by...
Day
Popularity
Type
Ratings
Length
Year
Community
Subscriptions
Recent Discussions
Orange Saloon
Badges
Playlists
Quests
Create
Leaderboards
Showdown
Live 5
Trivia Bingo
Activity
Puzzle Library
Sporcle Events
Private Events
Virtual Trivia
Globe League
Become a Host
Pub Owners
SporcleCon
Opinionation
Our Games
Videos
Blog
Mobile Apps
Partnerships
Remove Ads and Go Orange
Feedback
Gaming
Video Games
Board Games
Card Games
Pokémon
Mario
Nintendo
Minecraft
Console
Toys
Legend of Zelda
Gaming
Video Games
Board Games
Card Games
Pokémon
Mario
Nintendo
Minecraft
Console
Toys
Legend of Zelda
Random Quiz
Search Sporcle
×
Quiz Lab
Quiz Lab
Gaming
Follower
Type in answers that appear in a list
Type in answers that appear in a list
Classic
Best Score? Go Orange.
Populous: The Beginning Stats
Can you name the things in Populous: The Beginning?
By
IntelOrca
20m
110 Questions
27 Plays
27 Plays
27 Plays
Comments
Comments
Give Quiz Kudos
Give Quiz Kudos
-
- Ratings
hide this ad
Replay
Link that replays current quiz
Next Quiz
Link to next quiz in quiz playlist
You Got
0%
They Got
Avg Score
46%
Avg Friend Score
Upgrade to see
Score Distribution
Jump to the score distribution portion of the page
Score
0/110
Timer
20:00
0
Plays Today
% Correct
Lightning
100%
Volcano
96.3%
Warrior
96.3%
Blast
92.6%
Angel of Death
92.6%
Hut
92.6%
Temple
92.6%
Earthquake
88.9%
Warrior Training Hut
88.9%
Firewarrior
88.9%
Spy
88.9%
Convert
85.2%
Firewarrior Training Hut
85.2%
Preacher
85.2%
Swamp
81.5%
Boat
81.5%
Swarm
77.8%
Spy Training
77.8%
Balloon
77.8%
Invisibility
74.1%
Hypnotise
74.1%
Guard Tower
74.1%
Shaman
74.1%
Dakini
74.1%
Armageddon
70.4%
Brave
70.4%
Stone Head
70.4%
Chumara
70.4%
Magical shield
66.7%
Landbridge
66.7%
Erode
66.7%
Bloodlust
66.7%
Bloodlust
66.7%
Matak
66.7%
Tornado
63%
Flatten
63%
Firestorm
63%
% Correct
Totem Pole
63%
Wildman
59.3%
The Beginning
59.3%
Obelisk
59.3%
Teleport
55.6%
Unlikely Allies
55.6%
Vault of Knowledge
55.6%
Prison
48.1%
Death From Above
48.1%
Building Bridges
48.1%
Tutorial
44.4%
Journey Begins
44.4%
Night Falls
44.4%
Incarcerated
44.4%
Ghost Army
40.7%
From the Depths
40.7%
Attacked From All Sides
40.7%
Middle Ground
40.7%
Archipelago
40.7%
Journey's End
40.7%
An Easy Target
37%
Solo
37%
Inferno
37%
Guard Post
33.3%
Crisis of Faith
33.3%
Combined Forces
33.3%
Unseen Enemy
33.3%
Treacherous Souls
33.3%
Prisons
33.3%
Fire in the Mist
29.6%
Head Hunter
29.6%
Fractured Earth
29.6%
Two Crabs
29.6%
Face Off
29.6%
Gargoyle
29.6%
Continental Divide
25.9%
Aerial Bombardment
25.9%
% Correct
World Wide Web
22.2%
Fortress
22.2%
L'Assassine
22.2%
Eye of the Storm
22.2%
Craters
22.2%
Pressure Point
22.2%
Three Crabs
22.2%
Aftermath
18.5%
Lava Flow
18.5%
Soul Survivor
18.5%
Human Shield
18.5%
No Man's Land
18.5%
Protection Racket
18.5%
Overshadowed
18.5%
Natural Disaster
18.5%
Skirmish
18.5%
All Around the World
18.5%
Skirmish
18.5%
Two On Two
18.5%
Dead Sea
18.5%
Angels
18.5%
Hills Divide Us
14.8%
Linked Isles
14.8%
Three Way
14.8%
Avenging Angels
14.8%
Sandy Castles
14.8%
Multiple Choice
14.8%
Barricade
14.8%
Cog
14.8%
Sliced Beetle
14.8%
Two Way
14.8%
Multiple Choice
14.8%
Canyon
14.8%
Cog
14.8%
Clockwise
14.8%
Walls
14.8%
Quiz Playlist
Details
Report
Send in Message
Add To Playlist
Classic:
Type in answers that appear in a list
Quiz Source
Last Updated: Feb 16, 2017
Quiz Scoreboard
CHALLENGE
Sign Up to Join the Scoreboard
Show All
Scores
Hide
Comments
May contain spoilers
Recently Published
5x2 Blitz: Bands
by SL_Kpop136
Music
30s
Colored Red Africa Blitz
by spor1
Geography
30s
Find the 'City' Movie
by crazypaving
Movies
60s
More to Explore
Quiz From the Vault
Featured Blog Post
14 Easter Pick-up Lines to Find Eggs With
hide this ad
You Might Also Like...
Tags
Begins With
Follower
Tallest Buildings
Worship
Today's Top Quizzes in Gaming
Browse Gaming
hide this ad
Today's Top Quizzes in Follower
Browse Follower
Top Contributed Quizzes in Gaming
1
League of Legends Pro Players by Career/Team History
2
Genshin murder mystery
3
Destiny 2 exotic weapons by perk icons
4
Dead By Daylight Logic Puzzle
5
Genshin Impact Logic Puzzle
6
Valorant Agent Developer Names (Up to Clove)
7
Overwatch 2: Ultimate Ability Icons
8
Who's on the WWE 2K24 Cover?
9
Genshin Impact Logic Puzzle Quiz II
10
4x4 Decades: Video Games
Explore More
Trending Topics
Disney
Marvel
Harry Potter
NBA
Anime
Kpop
Crossword
Country
The Office
Song
WWE
Puzzle
Soccer
Pokémon
NFL
hide this ad
More By:
IntelOrca
Quiz
Plays
Rating
Category
Featured
Created
Populous: The Beginning
27
4.75
Gaming
Mar 9, 2011
Go to Creator's Profile
Score Distribution
Quiz Creator Spotlight
IntelOrca
Follow
Send a Message
Quizzes Created
-
Created Quiz Play Count
-
More By This Creator
Popular Quizzes Today
1
Colored Red Africa Blitz
2
Find the US States - No Outlines Minefield
3
Find the 'City' Movie
4
5x2 Blitz: Bands
5
The Countries of the World
6
Find the US States
7
US States
8
Find the Countries of Europe - No Outlines Minefield
More Gaming Quizzes
Video Game System by Cartridge (Slideshow)
Editor's Pick
Trending Quizzes
Colored Red Europe Blitz I
Colored Red Europe Blitz II
Colored Red Africa Blitz II
Colored Red Europe Blitz III
Colored Red Africa Blitz III
Recently Updated
How Do You Spell That?
pecheneg
Godzilla Movies
pecheneg
Grab Bag: 4-10 Letters
pecheneg
2024 March Madness Bracket
pecheneg
Famous TV Couples
Peacemaker
Champions League XIs: Real Madrid
pecheneg
Largest US Cities 1790-2010
pecheneg
Rides in Walt Disney World
pecheneg
Most Oscar Losses (Acting)
pecheneg
Beyoncé Albums
pecheneg
Trending Topics
Marvel
Harry Potter
Disney
Crossword
NBA
Kpop
Anime
Song
Country
Puzzle
The Office
Pokémon
NFL
Soccer
WWE
Your Account Isn't Verified!
In order to create a playlist on Sporcle, you need to verify the email address you used during registration. Go to your
Sporcle Settings
to finish the process.
Report this User
Report this user for behavior that violates our
Community Guidelines
.
Details:
Send Report
Go to the Sporcle.com Mobile Site →
Comments